Siguiente letra en orden alfabético - Estadísticas

Estadísticas generales
  • Esta prueba ha sido intentada 8.616 veces
    7.547 desde el último reinicio
  • La puntuación promedio es 12 de 25
Estadísticas de respuestas
Letra Siguiente % Correcto
B C
50%
A B
49%
M N
48%
S T
48%
C D
47%
D E
47%
G H
47%
H I
47%
K L
47%
O P
47%
V W
47%
Y Z
47%
E F
46%
L M
46%
P Q
46%
R S
46%
T U
46%
W X
46%
X Y
46%
F G
45%
I J
45%
J K
45%
Q R
45%
U V
45%
Ñ O
44%
N Ñ
43%
No se encontraron pruebas coincidentes
Distribución de puntuación
Porcentaje de gente con cada puntuación
Porcentaje por número respondido
Historial de tus puntuaciones
No has intentado esta prueba desde el último reinicio